Language Quiz

Random Language or Letter Quiz

2 Words, Same 4 Letters Quiz Stats

 Plays Quiz Updated Dec 28, 2018

Challenge
Share
Tweet
Embed
Score 0/96 Timer 07:00
2 Plays Today
4-Letter Word Anagram % Correct
gapepage
94.8%
doommood
91.1%
lurerule
85.4%
capepace
83.9%
togagoat
80.2%
archchar
80%
acnecane
79.7%
calklack
78.9%
foalloaf
77.8%
wiveview
77.6%
lopepole
76%
adzedaze
75.6%
haleheal
74.1%
mareream
74.1%
bakebeak
73.8%
ranirain
73.6%
lococool
73.5%
gnattang
73.4%
earnnear
73.1%
deaffade
72.1%
rarerear
71.6%
dawnwand
71.3%
trammart
71.2%
diallaid
70.4%
atommoat
70.2%
keelleek
70.1%
lamppalm
70.1%
chummuch
69.9%
aridraid
68.5%
barnbran
68.4%
calmclam
68.1%
drayyard
66.8%
4-Letter Word Anagram % Correct
flealeaf
66.6%
leerreel
66.5%
drawward
66.3%
nudedune
65%
thawwhat
64.9%
fetefeet
64.9%
almsslam
64.8%
corkrock
64.6%
pramramp
64.4%
imammaim
64%
lathhalt
64%
warewear
64%
casksack
61.8%
crapcarp
61.6%
amidmaid
61.5%
tarnrant
61.3%
tikekite
60.9%
limemile
60.8%
denttend
60.5%
duststud
60.4%
taketeak
60.4%
donenode
59.9%
buryruby
59.9%
burggrub
59.4%
everveer
59.1%
dolelode
58.6%
iconcoin
58.2%
naryyarn
57.7%
locicoil
57.7%
cafeface
57.6%
dolttold
56.7%
balmlamb
56.5%
4-Letter Word Anagram % Correct
lewdweld
56.4%
awrywary
55.3%
borerobe
54.7%
warpwrap
52.6%
tomemote
52.3%
aunttuna
51.8%
feltleft
51.5%
blotbolt
51.2%
girdgrid
50.7%
artytray
49.2%
egadaged
48.5%
lienline
48.5%
fieffife
48.3%
hewnwhen
48.3%
acheeach
48.3%
clodcold
47.7%
hulahaul
47.3%
aideidea
46.2%
neonnone
45.4%
blowbowl
44.9%
clotcolt
44.8%
heirhire
44%
chititch
42.5%
weirwire
42.2%
fluefuel
42.2%
chininch
40.2%
coneonce
39.9%
vailvial
38.1%
lyrerely
32%
feelflee
31.8%
keenknee
27.9%
misesemi
24.9%

You're not logged in!

Compare scores with friends on all Sporcle quizzes.
OR
Log In

You Might Also Like...

Show Comments

Extras

Top Quizzes Today


Score Distribution

Your Account Isn't Verified!

In order to create a playlist on Sporcle, you need to verify the email address you used during registration. Go to your Sporcle Settings to finish the process.

Report this User

Report this user for behavior that violates our Community Guidelines.

Details: